[Event "44th Sparkassen Open"]
[Site "Dortmund GER"]
[Date "2016.07.09"]
[Round "1.25"]
[White "Kruse, Janik"]
[Black "Klueting, Reiner"]
[Result "1-0"]
[WhiteElo "2153"]
[BlackElo "1907"]
[WhiteFideId "16200250"]
[BlackFideId "4644760"]
[EventDate "2016.07.09"]

1. d4 Nf6 2. c4 e5 3. dxe5 Ng4 4. Bf4 Nc6 5. Nf3 Bb4+ 6. Nbd2 Qe7 7. e3 Ngxe5 8.
Nxe5 Nxe5 9. Be2 O-O 10. O-O Bxd2 11. Qxd2 d6 12. b4 b6 13. Rac1 Bb7 14. Rfd1
Rad8 15. Qc3 Ng6 16. Bg3 f5 17. Bf1 f4 18. exf4 Nxf4 19. Re1 Qf7 20. c5 d5 21.
Rcd1 Nh5 22. Bh4 Nf6 23. f3 c6 24. Qd4 b5 25. Bd3 Ra8 26. Bf5 Rfe8 27. Bxf6 Qxf6
28. Qxf6 gxf6 29. Kf2 Re5 30. g4 Bc8 31. Bc2 Bd7 32. f4 Ree8 33. h3 a5 34. Rxe8+
Bxe8 35. Re1 Bf7 36. a3 axb4 37. axb4 Ra3 38. Re3 Ra2 39. Re2 Ra3 40. Re3 Ra2
41. Re2 Ra3 42. h4 Rc3 43. Bf5 Rb3 44. Re7 Rxb4 45. Bxh7+ Kf8 46. Rc7 Be8 47.
Ke3 Rc4 48. g5 fxg5 49. hxg5 Rxc5 50. g6 Rc3+ 51. Kd4 Rg3 52. f5 b4 53. Ke5 b3
54. Kf6 b2 55. g7+ Rxg7 56. Rxg7 1-0

[Event "44th Sparkassen Open"]
[Site "Dortmund GER"]
[Date "2016.07.09"]
[Round "1.26"]
[White "Kiehn, Andreas"]
[Black "Steinle, Carsten"]
[Result "1/2-1/2"]
[WhiteElo "1926"]
[BlackElo "2141"]
[WhiteFideId "12922250"]
[BlackFideId "24676462"]
[EventDate "2016.07.09"]

1. d4 e6 2. c4 Nf6 3. g3 c5 4. d5 g6 5. Nc3 exd5 6. cxd5 Bg7 7. Bg2 O-O 8. Nf3
Re8 9. O-O d6 10. Nd2 a6 11. a4 Nbd7 12. Nc4 Ne5 13. Nxe5 dxe5 14. Bg5 Bf5 15.
e4 Bd7 16. Qd3 Qa5 17. Rfc1 Rec8 18. b3 Qb4 19. Qc4 Ne8 20. Qxb4 cxb4 21. Na2
Bf8 22. Bd2 a5 23. Be3 b5 24. axb5 Bxb5 25. Bh3 Rcb8 26. Bc5 Bh6 27. Rd1 Nf6 28.
f3 Be2 29. Re1 Bxf3 30. Bg2 Bg4 31. Bd6 Re8 32. Nc1 Kg7 33. Nd3 Nd7 34. h3 Ra6
35. Bxb4 Rb6 36. Rxa5 Reb8 37. hxg4 Rxb4 38. Nxb4 Rxb4 39. Ra7 Nf6 40. d6 Rxb3
41. d7 Rd3 42. Bf1 Rxd7 43. Rxd7 Nxd7 44. Kg2 Bg5 45. Kf3 Be7 46. Ra1 Bc5 47.
Bc4 h6 48. Ra7 Nf8 49. Ra8 Bb4 50. Re8 Bd6 51. Rd8 Be7 52. Re8 Bd6 53. Rd8 Be7
54. Re8 Bd6 55. Rd8 1/2-1/2

[Event "44th Sparkassen Open"]
[Site "Dortmund GER"]
[Date "2016.07.09"]
[Round "1.27"]
[White "Rott, Georg"]
[Black "Biermann, Florian"]
[Result "1-0"]
[WhiteElo "2139"]
[BlackElo "1924"]
[WhiteFideId "4633393"]
[BlackFideId "12970069"]
[EventDate "2016.07.09"]

1. e4 c5 2. Nf3 e6 3. c3 b6 4. d4 Bb7 5. Bd3 Nf6 6. Qe2 cxd4 7. cxd4 Nc6 8. a3
Rc8 9. Nc3 Na5 10. Bg5 Be7 11. Bxf6 Bxf6 12. Nb5 O-O 13. Nxa7 Ra8 14. Nb5 Ba6
15. O-O Bxb5 16. Bxb5 g6 17. Qe3 Qe7 18. Rac1 Rfc8 19. Rxc8+ Rxc8 20. Rc1 Rxc1+
21. Qxc1 Qd8 22. Qf4 Kg7 23. h4 d5 24. e5 Be7 25. g3 Nc4 26. Qc1 Qa8 27. Nh2 Na5
28. b4 Nc4 29. a4 Bxb4 30. Ng4 Be7 31. Qh6+ Kg8 32. Nf6+ Bxf6 33. exf6 Qf8 34.
Qxf8+ Kxf8 35. Kf1 Nd6 36. g4 Ne4 37. g5 Nd6 38. Bd3 Ke8 39. Ke2 Kd7 40. Kd2 Kc7
41. Kc3 Kc6 42. Kb4 Kd7 43. Kc3 Kc6 44. f4 Kc7 45. Bc2 Nc4 46. h5 Nd6 47. h6 Kc6
48. Bd3 Kc7 49. Kb4 Kc6 50. a5 bxa5+ 51. Kxa5 Kb7 52. Bc2 Nc4+ 53. Kb4 Kc7 54.
Bxg6 1-0

[Event "44th Sparkassen Open"]
[Site "Dortmund GER"]
[Date "2016.07.09"]
[Round "1.28"]
[White "Schuelke, Tilman"]
[Black "Koellner, Christof"]
[Result "0-1"]
[WhiteElo "1923"]
[BlackElo "2133"]
[WhiteFideId "4647475"]
[BlackFideId "4635787"]
[EventDate "2016.07.09"]

1. b3 e5 2. Bb2 d6 3. g3 f5 4. e3 Nf6 5. d3 Be7 6. Ne2 O-O 7. Nd2 Qe8 8. Bg2 Nc6
9. a3 Bd7 10. h3 Nd8 11. Nc3 c6 12. Ne2 Ne6 13. f4 exf4 14. exf4 Qg6 15. Nf1 Nh5
16. Qd2 Rae8 17. O-O-O Bd8 18. Bf3 Bb6 19. Kb1 Nc7 20. Rh2 Nf6 21. Rg2 Ncd5 22.
d4 Ne4 23. Qd3 Kh8 24. c4 Ndf6 25. Ne3 d5 26. Ka1 Re7 27. g4 Qe8 28. Nc2 Bc7 29.
Bc1 Qb8 30. g5 dxc4 31. bxc4 Ne8 32. Be3 Bd6 33. h4 b5 34. c5 Bc7 35. Nb4 a5 36.
Na6 Qb7 37. Nxc7 Nxc7 38. d5 Nxd5 39. Bd4 Kg8 40. Rb1 Qc7 41. Be5 Rxe5 42. fxe5
Qxe5+ 43. Qd4 Re8 44. g6 h6 45. Rd1 Kf8 46. Qxe5 Rxe5 47. Ng3 Nxc5 48. Bxd5 cxd5
49. Ne2 Ke7 50. Nd4 Re4 51. Rb2 Na4 52. Re2 Nc3 53. Rxe4+ dxe4 54. Rg1 Kf6 55.
Kb2 Nd5 56. Kc2 f4 57. Kd2 Ke5 58. Nb3 a4 59. Nc5 Bf5 60. Rc1 f3 61. Rf1 e3+ 62.
Ke1 Kf4 0-1

[Event "44th Sparkassen Open"]
[Site "Dortmund GER"]
[Date "2016.07.09"]
[Round "1.29"]
[White "Eckardt, Joshua"]
[Black "Garbuz, Vitaliy"]
[Result "1-0"]
[WhiteElo "2133"]
[BlackElo "1907"]
[WhiteFideId "12941646"]
[BlackFideId "12990710"]
[EventDate "2016.07.09"]

1. d4 d5 2. c4 c6 3. Nf3 e6 4. g3 Nd7 5. Bg2 Bd6 6. O-O Ngf6 7. Nc3 O-O 8. Nd2
dxc4 9. Nxc4 Bc7 10. e4 b5 11. Ne3 Nb6 12. e5 Nfd5 13. Ne4 Nd7 14. Qh5 Qe8 15.
Qh3 f5 16. exf6 N7xf6 17. Qh4 Qg6 18. a4 b4 19. Bd2 Bd8 20. Nc4 Nxe4 21. Qxe4
Qxe4 22. Bxe4 Bf6 23. Be3 Ba6 24. Rfc1 Rfd8 25. Na5 Ne7 26. Nxc6 Nxc6 27. Rxc6
Bb7 28. Rxe6 Bxe4 29. Rxe4 Rac8 30. g4 h6 31. Kf1 Rc4 32. b3 Rc2 33. Rd1 Bh4 34.
Rd2 Rc3 35. Rb2 Rdc8 36. Re5 Rc2 37. Rxc2 Rxc2 38. Rb5 Be7 39. Rb8+ Kf7 40. Rb7
Rb2 41. d5 1-0

[Event "44th Sparkassen Open"]
[Site "Dortmund GER"]
[Date "2016.07.09"]
[Round "1.30"]
[White "Brockhaus, Philip"]
[Black "Zolfagharian, Kevin"]
[Result "0-1"]
[WhiteElo "1881"]
[BlackElo "2130"]
[WhiteFideId "12954721"]
[BlackFideId "12933570"]
[EventDate "2016.07.09"]

1. d4 d5 2. Nf3 Nf6 3. c4 c6 4. e3 Bg4 5. Qb3 Qb6 6. Nc3 e6 7. Bd2 Nbd7 8. Be2
Be7 9. Na4 Qxb3 10. axb3 O-O 11. O-O Ne4 12. Bc3 Rfe8 13. c5 b6 14. cxb6 axb6
15. b4 Ra7 16. b5 c5 17. dxc5 Rea8 18. Nxb6 Rxa1 19. Nxa8 Rxa8 20. c6 Nxc3 21.
bxc3 Nb6 22. Rc1 Kf8 23. h3 Bxf3 24. gxf3 Ke8 25. e4 Kd8 26. exd5 exd5 27. c4
Nxc4 28. Bxc4 dxc4 29. Rd1+ Kc8 30. b6 Rb8 31. b7+ Kc7 32. Rd7+ Kxc6 33. Rxe7
Rxb7 34. Re1 Kc5 35. Kf1 c3 36. Rc1 Kd4 37. Ke2 Rb2+ 38. Ke1 Kd3 0-1

[Event "44th Sparkassen Open"]
[Site "Dortmund GER"]
[Date "2016.07.09"]
[Round "1.31"]
[White "Jelica, Mara"]
[Black "Borchert, Louis"]
[Result "0-1"]
[WhiteTitle "WIM"]
[WhiteElo "2129"]
[BlackElo "1878"]
[WhiteFideId "14504111"]
[BlackFideId "12990680"]
[EventDate "2016.07.09"]

1. e4 e5 2. Nf3 Nc6 3. d4 exd4 4. Nxd4 g6 5. Nxc6 bxc6 6. Qd4 Qf6 7. e5 Qe7 8.
Nc3 Bg7 9. Bf4 f6 10. e6 f5 11. Qc4 Qxe6+ 12. Qxe6+ dxe6 13. Bxc7 Ne7 14. O-O-O
Nd5 15. Nxd5 exd5 16. c4 Be6 17. c5 a5 18. h4 Kd7 19. Bb6 a4 20. Rh3 Bf6 21.
Rdd3 f4 22. Rh1 Bf5 23. Rf3 Bg7 24. Ra3 Rhe8 25. f3 Re3 26. Rxe3 fxe3 27. g4 Be6
28. Bd3 d4 29. a3 Bd5 30. Rf1 Bb3 31. f4 Rf8 32. f5 gxf5 33. Bxf5+ Rxf5 34. gxf5
d3 35. Ba5 d2+ 36. Bxd2 Bxb2+ 37. Kxb2 exd2 38. Kc3 d1=Q 39. Rxd1+ Bxd1 40. Kd4
Ke7 41. Ke5 Be2 42. f6+ Kf7 43. Kd6 Bf3 44. Ke5 Kg6 45. Ke6 Bd5+ 46. Ke7 h5 0-1

[Event "44th Sparkassen Open"]
[Site "Dortmund GER"]
[Date "2016.07.09"]
[Round "1.32"]
[White "Wastian, Jan"]
[Black "Althoff, Ralph"]
[Result "1-0"]
[WhiteElo "1877"]
[BlackElo "2122"]
[WhiteFideId "12911640"]
[BlackFideId "4623177"]
[EventDate "2016.07.09"]

1. e4 c5 2. c3 d5 3. exd5 Qxd5 4. d4 Nc6 5. Nf3 Bg4 6. Be2 e6 7. O-O Nf6 8. Na3
Be7 9. Be3 cxd4 10. Nb5 O-O 11. Nbxd4 Rac8 12. Qb3 Na5 13. Qc2 Nc4 14. Rad1 Nxe3
15. fxe3 Bc5 16. Kh1 Qxa2 17. e4 Qa5 18. b4 Bxb4 19. cxb4 Qxb4 20. Rb1 Qa5 21.
Qd3 Rfd8 22. Rb5 Qa4 23. Qe3 Bxf3 24. Nxf3 Nxe4 25. Ne5 Rc3 26. Qf4 f6 27. Rxb7
Qd4 28. Qg4 Ng5 29. Qxd4 1-0

[Event "44th Sparkassen Open"]
[Site "Dortmund GER"]
[Date "2016.07.09"]
[Round "1.33"]
[White "Schulze, Marc"]
[Black "Knudsen, Simon"]
[Result "1-0"]
[WhiteElo "2099"]
[BlackElo "1873"]
[WhiteFideId "1271126"]
[BlackFideId "12985546"]
[EventDate "2016.07.09"]

1. d4 Nf6 2. Bf4 d5 3. Nf3 e6 4. e3 c5 5. c3 Nc6 6. Nbd2 Bd6 7. Bg3 O-O 8. Bd3
Qe7 9. Ne5 Re8 10. f4 Nd7 11. Qh5 g6 12. Qh6 f6 13. Ng4 Qg7 14. Qxg7+ Kxg7 15.
Nf3 a6 16. h4 h5 17. Nf2 f5 18. Ne5 Rb8 19. Nh3 Ndxe5 20. fxe5 Be7 21. Nf4 b5
22. Bf2 b4 23. Rh3 Kf7 24. Be2 a5 25. Rg3 bxc3 26. bxc3 Bxh4 27. Rxg6 Bxf2+ 28.
Kxf2 Rb2 29. Rh1 Ba6 30. Rxh5 Rxe2+ 31. Kg1 Re1+ 32. Kh2 Bc8 33. Rh7+ Kf8 34.
Rgg7 1-0

[Event "44th Sparkassen Open"]
[Site "Dortmund GER"]
[Date "2016.07.10"]
[Round "2.1"]
[White "Ries, Benjamin"]
[Black "Pap, Misa"]
[Result "1/2-1/2"]
[BlackTitle "GM"]
[WhiteElo "2173"]
[BlackElo "2487"]
[WhiteFideId "4663802"]
[BlackFideId "921610"]
[EventDate "2016.07.09"]

1. d4 Nf6 2. c4 c5 3. d5 b5 4. cxb5 a6 5. bxa6 g6 6. Nc3 Bg7 7. e4 Qa5 8. Bd2 d6
9. a7 Qxa7 10. Bb5+ Bd7 11. Bc4 O-O 12. Nf3 Bc8 13. O-O Ba6 14. Bxa6 Qxa6 15.
Qc2 Nbd7 16. a4 Rfc8 17. Nb5 Nb6 18. Ra3 Nfd7 19. Rfa1 Rab8 20. Bc3 Bh6 21. b3
Na8 22. Bb2 Nc7 23. Nxc7 Rxc7 24. Nd4 Rbc8 25. Nc6 Nb8 26. Qc3 f6 27. Na5 Nd7
28. Nc4 Ne5 29. Nxe5 fxe5 30. Bc1 Bxc1 31. Rxc1 Rb8 32. Qe3 Qa5 33. Rc4 Rcb7 34.
h4 Kh8 35. Qc3 Qxc3 36. Rxc3 Kg7 37. Kh2 e6 38. a5 exd5 39. exd5 Kf6 40. a6 Ra7
41. Rc4 Rb6 42. Rca4 Ke7 43. Kg3 Kf6 44. Kf3 Kf5 45. g4+ Kf6 46. Ke3 Kg7 47. Kd3
Kf6 48. f3 h6 49. Ke4 Rb5 50. Kd3 Rb6 51. Kc3 g5 52. h5 Kf7 53. Ra5 Kg7 54. Ra2
Kf7 55. R2a4 Kf6 56. Kc2 Kf7 57. Kc3 Kf6 58. Kc4 e4 59. fxe4 Ke5 60. Rb5 Raxa6
61. Rxa6 Rxa6 62. Rb7 Kxe4 63. Kb5 Ra1 64. Kc6 Ra6+ 65. Kb5 Ra2 66. Kc6 Ra6+ 67.
Kb5 Ra1 68. Kc6 1/2-1/2

[Event "44th Sparkassen Open"]
[Site "Dortmund GER"]
[Date "2016.07.10"]
[Round "2.2"]
[White "Hausrath, Daniel"]
[Black "Stein, Robert"]
[Result "1-0"]
[WhiteTitle "GM"]
[WhiteElo "2483"]
[BlackElo "2169"]
[WhiteFideId "4617495"]
[BlackFideId "12921084"]
[EventDate "2016.07.09"]

1. Nf3 d5 2. b3 Nf6 3. Bb2 Bf5 4. c4 e6 5. g3 Be7 6. Bg2 h6 7. O-O c6 8. d3 O-O
9. Nbd2 a5 10. a3 Na6 11. Rc1 Qb6 12. Rc2 Rfd8 13. Qa1 Rac8 14. Rfc1 Rc7 15. Be5
Rcd7 16. cxd5 exd5 17. Nd4 Ng4 18. Bxg7 Nxf2 19. Kxf2 Kxg7 20. e3 Bf6 21. Nxf5+
Kg6 22. Nh4+ Bxh4 23. gxh4 1-0

[Event "44th Sparkassen Open"]
[Site "Dortmund GER"]
[Date "2016.07.10"]
[Round "2.3"]
[White "Kruse, Janik"]
[Black "Dann, Matthias"]
[Result "0-1"]
[BlackTitle "IM"]
[WhiteElo "2153"]
[BlackElo "2482"]
[WhiteFideId "16200250"]
[BlackFideId "24638056"]
[EventDate "2016.07.09"]

1. d4 Nf6 2. c4 e6 3. Nc3 Bb4 4. e3 O-O 5. Ne2 c6 6. a3 Ba5 7. b4 Bc7 8. Ng3 d5
9. cxd5 exd5 10. Bd3 Nbd7 11. O-O Re8 12. Qc2 h5 13. f3 a5 14. b5 c5 15. Qf2 g6
16. Bd2 cxd4 17. exd4 Nf8 18. Nge2 Ne6 19. Na4 Ng7 20. Bf4 Bf5 21. Bxc7 Qxc7 22.
Nc5 b6 23. Na6 Qd6 24. Bxf5 Nxf5 25. Ng3 Ne3 26. Rfe1 Nc4 27. a4 Kg7 28. Nf1 Qf4
29. g3 Qd6 30. Ne3 Rac8 31. Ra2 h4 32. gxh4 Qf4 33. Rae2 Nxe3 34. Rxe3 Rxe3 35.
Qxe3 Qxh4 36. Qf2 Qg5+ 37. Qg3 Qd2 38. Qf2 Qd3 39. Re2 Qd1+ 0-1

[Event "44th Sparkassen Open"]
[Site "Dortmund GER"]
[Date "2016.07.10"]
[Round "2.4"]
[White "Koellner, Christof"]
[Black "Sorokin, Aleksey"]
[Result "0-1"]
[BlackTitle "FM"]
[WhiteElo "2133"]
[BlackElo "2413"]
[WhiteFideId "4635787"]
[BlackFideId "24176460"]
[EventDate "2016.07.09"]

1. d4 Nf6 2. Nf3 g6 3. Nbd2 d5 4. e3 Bg7 5. b4 O-O 6. c4 a5 7. b5 c6 8. a4 b6 9.
Bb2 dxc4 10. Bxc4 Bb7 11. O-O cxb5 12. Bxb5 Na6 13. Qe2 Nc7 14. Bc4 Ne4 15. Nxe4
Bxe4 16. Rfc1 Rc8 17. h3 Ne8 18. Ne5 Nd6 19. Bb3 Bb7 20. Rxc8 Qxc8 21. Rc1 Qa8
22. f3 Rc8 23. Rxc8+ Qxc8 24. Nc4 Nxc4 25. Qxc4 Qxc4 26. Bxc4 Bc6 27. Bb3 b5 28.
axb5 Bxb5 29. Ba3 e6 30. Kf2 Bf8 31. Bxf8 Kxf8 32. h4 Ke7 33. e4 f6 34. f4 a4
35. Ba2 Bc6 36. Ke3 f5 37. d5 Bb7 38. exf5 Bxd5 39. fxg6 hxg6 40. Bb1 a3 41. Kd4
Kd6 42. g4 a2 43. Bxa2 Bxa2 44. h5 gxh5 45. gxh5 Bb1 46. h6 Bf5 47. Kc4 Ke7 48.
Kc5 Kf7 49. Kd6 0-1

[Event "44th Sparkassen Open"]
[Site "Dortmund GER"]
[Date "2016.07.10"]
[Round "2.5"]
[White "Podzielny, Karl-Heinz"]
[Black "Rott, Georg"]
[Result "1-0"]
[WhiteTitle "IM"]
[WhiteElo "2400"]
[BlackElo "2139"]
[WhiteFideId "4600215"]
[BlackFideId "4633393"]
[EventDate "2016.07.09"]

1. Nf3 d5 2. g3 c6 3. Bg2 Nf6 4. b3 Bf5 5. Bb2 e6 6. O-O h6 7. c4 Be7 8. d3 O-O
9. Nbd2 Bh7 10. a3 a5 11. Rc1 Nbd7 12. Rc2 Re8 13. Qa1 Bf8 14. Bh3 Bf5 15. Bxf5
exf5 16. cxd5 Nxd5 17. Nd4 g6 18. Nc4 a4 19. b4 c5 20. bxc5 Nxc5 21. Nd2 b6 22.
Qa2 Qd7 23. N2f3 b5 24. Rfc1 Na6 25. Nc6 b4 26. Ba1 bxa3 27. Nce5 Qb7 28. Rc4
Qb3 29. Qd2 f4 30. gxf4 Bb4 31. Qc2 Nb6 32. Rc6 Rac8 33. Ng4 Rxc6 34. Qxc6 Rc8
35. Nf6+ Kf8 36. Qxc8+ Nxc8 37. Rxc8+ Ke7 38. Be5 Qd1+ 39. Kg2 Nc7 40. Rxc7+ Kd8
41. Nd5 1-0

[Event "44th Sparkassen Open"]
[Site "Dortmund GER"]
[Date "2016.07.10"]
[Round "2.7"]
[White "Zatonskih, V."]
[Black "Eckardt, Joshua"]
[Result "1-0"]
[WhiteTitle "FM"]
[WhiteElo "2329"]
[BlackElo "2133"]
[WhiteFideId "14102161"]
[BlackFideId "12941646"]
[EventDate "2016.07.09"]

1. e4 e6 2. d4 d5 3. Nd2 Nf6 4. e5 Nfd7 5. Bd3 c5 6. c3 Nc6 7. Ngf3 g6 8. O-O
Bg7 9. Re1 O-O 10. b3 cxd4 11. cxd4 f6 12. Bb2 fxe5 13. dxe5 d4 14. Nc4 Rxf3 15.
Qxf3 Ndxe5 16. Nxe5 Nxe5 17. Qe2 Nxd3 18. Qxd3 e5 19. Qc4+ Kh8 20. f4 exf4 21.
Rad1 Bg4 22. Rxd4 Qh4 23. Rf1 Rc8 24. Rdxf4 1-0

[Event "44th Sparkassen Open"]
[Site "Dortmund GER"]
[Date "2016.07.10"]
[Round "2.8"]
[White "Korten, Lando"]
[Black "Lupor, Stefan"]
[Result "0-1"]
[BlackTitle "FM"]
[WhiteElo "2000"]
[BlackElo "2310"]
[WhiteFideId "12989606"]
[BlackFideId "4685806"]
[EventDate "2016.07.09"]

1. d4 Nf6 2. c4 g6 3. Nc3 d5 4. cxd5 Nxd5 5. e4 Nxc3 6. bxc3 Bg7 7. Qa4+ Nd7 8.
Nf3 O-O 9. Bg5 h6 10. Be3 c5 11. Rc1 Qc7 12. Be2 e6 13. O-O b6 14. e5 Bb7 15.
Qd1 Rfd8 16. Nd2 Rac8 17. f4 Bd5 18. Nb3 Nb8 19. Qe1 cxd4 20. cxd4 Qd7 21. Qf2
Qa4 22. Rxc8 Rxc8 23. Bd1 Qd7 24. Bc2 Nc6 25. g4 Ne7 26. h4 Bb7 27. h5 Qd5 28.
Kh2 Rc3 29. Rg1 Qf3 30. Qxf3 Bxf3 31. Bd1 Rxe3 32. Rg3 Bxd1 33. Rxe3 Bxg4 34.
hxg6 fxg6 35. Rc3 h5 36. Rc7 Nd5 37. Rxa7 Bh6 38. Nc5 Bxf4+ 39. Kh1 bxc5 40.
dxc5 Bxe5 0-1

[Event "44th Sparkassen Open"]
[Site "Dortmund GER"]
[Date "2016.07.10"]
[Round "2.9"]
[White "Pajeken, Wolfgang"]
[Black "Schulze, Marc"]
[Result "1/2-1/2"]
[WhiteTitle "FM"]
[WhiteElo "2289"]
[BlackElo "2099"]
[WhiteFideId "4622170"]
[BlackFideId "1271126"]
[EventDate "2016.07.09"]

1. c4 Nf6 2. Nc3 c5 3. Nf3 Nc6 4. d4 cxd4 5. Nxd4 g6 6. g3 Bg7 7. Bg2 O-O 8. c5
Ne4 9. Nxe4 Nxd4 10. O-O Qa5 11. Be3 Nf5 12. Bd2 Qb5 13. Rb1 d5 14. cxd6 Nxd6
15. Nxd6 exd6 16. a4 Qh5 17. Bc3 Be5 18. Re1 Rb8 19. Rc1 b5 20. a5 Bxc3 21. Rxc3
b4 22. Rc1 Qxa5 23. Qxd6 Rb6 24. Qd4 Ra6 25. Bd5 Be6 26. Bxe6 Rxe6 27. Ra1 Qb5
28. Rxa7 Rxe2 29. Rxe2 Qxe2 30. Rd7 b3 31. h4 h5 32. Rb7 Qf3 33. Re7 Rc8 34. Re1
Kh7 35. Qe3 1/2-1/2

[Event "44th Sparkassen Open"]
[Site "Dortmund GER"]
[Date "2016.07.10"]
[Round "2.10"]
[White "Kueppers, Timo"]
[Black "Mundorf, Johannes"]
[Result "0-1"]
[WhiteElo "1967"]
[BlackElo "2240"]
[WhiteFideId "16205820"]
[BlackFideId "24672491"]
[EventDate "2016.07.09"]

1. e4 e6 2. d4 d5 3. Nc3 Nc6 4. Nf3 Nf6 5. Bd3 Nb4 6. O-O Be7 7. Re1 O-O 8. Bf1
c5 9. e5 Nd7 10. Bf4 b6 11. a3 Nc6 12. Bg3 a5 13. Nb5 Nxd4 14. Nbxd4 cxd4 15.
Nxd4 Qc7 16. Re3 Ba6 17. Nb5 Qb7 18. Bf4 Rfd8 19. a4 Rac8 20. c3 Nf8 21. Qh5
Bxb5 22. Bxb5 d4 23. Rg3 dxc3 24. bxc3 Qe4 25. Be3 Bc5 26. Rg4 Qf5 27. Rg5 Qc2
28. Rc1 Qe4 29. Rg4 Qf5 30. Rg5 Qe4 31. Rg4 Qf5 32. Rg5 g6 33. Qh4 Be7 34. Rxf5
Bxh4 35. Rf3 Rb8 36. g3 Be7 37. Bd4 g5 38. h3 Ng6 39. Re3 Bc5 40. Rd3 Rbc8 41.
Rb1 Bxd4 42. cxd4 Ne7 43. Ba6 Rc6 44. Bb5 Rc2 45. Kf1 Nd5 46. Rbd1 Nc3 47. R1d2
Rxd2 48. Rxd2 Nxb5 49. axb5 Rd5 50. Rb2 Rxd4 51. f3 Rd5 52. f4 gxf4 53. gxf4 Rd4
54. Ke2 Rxf4 55. Ke3 Rh4 0-1

[Event "44th Sparkassen Open"]
[Site "Dortmund GER"]
[Date "2016.07.10"]
[Round "2.11"]
[White "Wickenfeld, Stefan"]
[Black "Winkel, Peter"]
[Result "1-0"]
[WhiteElo "2231"]
[BlackElo "2038"]
[WhiteFideId "4622790"]
[BlackFideId "12954756"]
[EventDate "2016.07.09"]

1. d4 Nf6 2. Bg5 d5 3. Bxf6 exf6 4. e3 Be6 5. g3 c6 6. Bg2 Qc8 7. h4 Bd6 8. Nd2
O-O 9. Rc1 Re8 10. Ne2 Bg4 11. f3 Bd7 12. Kf2 c5 13. c4 cxd4 14. Nxd4 Qc7 15. f4
Qb6 16. Bxd5 Nc6 17. N2b3 Nb4 18. c5 Qd8 19. Bxb7 1-0

[Event "44th Sparkassen Open"]
[Site "Dortmund GER"]
[Date "2016.07.10"]
[Round "2.12"]
[White "Torres-Kuckel, Rafael"]
[Black "von Bargen, Lukas"]
[Result "1/2-1/2"]
[WhiteTitle "FM"]
[WhiteElo "2191"]
[BlackElo "1964"]
[WhiteFideId "4625072"]
[BlackFideId "12946141"]
[EventDate "2016.07.09"]

1. e4 c5 2. Nf3 d6 3. c3 Nf6 4. Bd3 Nc6 5. Bc2 g6 6. O-O Bg7 7. d4 cxd4 8. cxd4
Bg4 9. d5 Ne5 10. Nbd2 O-O 11. h3 Bxf3 12. Nxf3 Nxf3+ 13. Qxf3 Rc8 14. Qe2 Nd7
15. Bg5 h6 16. Be3 Qa5 17. a3 a6 18. Rab1 b5 19. f4 Qc7 20. Rfc1 Qb7 21. a4 Nc5
22. axb5 axb5 23. Bxc5 Rxc5 24. Bd3 Qb6 25. Kh2 b4 26. Rxc5 Qxc5 27. b3 Ra8 28.
Bc4 Qd4 29. Rd1 Qf6 30. Qe3 Ra2 31. Re1 Ra1 1/2-1/2

[Event "44th Sparkassen Open"]
[Site "Dortmund GER"]
[Date "2016.07.10"]
[Round "2.13"]
[White "Ciornei, Dragos"]
[Black "Wastian, Jan"]
[Result "1-0"]
[WhiteElo "2183"]
[BlackElo "1877"]
[WhiteFideId "4619200"]
[BlackFideId "12911640"]
[EventDate "2016.07.09"]

1. e4 c6 2. d4 d5 3. Nc3 dxe4 4. Nxe4 Nd7 5. Bc4 Ngf6 6. Ng5 e6 7. Qe2 Nb6 8.
Bd3 h6 9. N5f3 c5 10. dxc5 Bxc5 11. Ne5 O-O 12. Ngf3 Nbd7 13. O-O Qc7 14. h3 Bd6
15. Bf4 Nxe5 16. Bxe5 Bxe5 17. Nxe5 b6 18. f4 Bb7 19. Rae1 Rfe8 20. Kh1 Re7 21.
Ng4 Nd5 22. Ne5 Nb4 23. Be4 Rd8 24. Bxb7 Qxb7 25. c3 Nd5 26. Qf3 Nf6 27. Nc6 Rd2
28. Nxe7+ Qxe7 29. Re2 Qd7 30. Rxd2 Qxd2 31. Rf2 Qc1+ 32. Kh2 Kh7 33. Qd3+ g6
34. Rf1 1-0

[Event "44th Sparkassen Open"]
[Site "Dortmund GER"]
[Date "2016.07.10"]
[Round "2.14"]
[White "Meyers, Mark"]
[Black "Voicu-Jagodzinsky, Carmen"]
[Result "1-0"]
[BlackTitle "WGM"]
[WhiteElo "2074"]
[BlackElo "2263"]
[WhiteFideId "12927716"]
[BlackFideId "1206729"]
[EventDate "2016.07.09"]

1. c4 c5 2. g3 Nf6 3. Nc3 d5 4. cxd5 Nxd5 5. Bg2 Nc7 6. Nf3 Nc6 7. O-O e5 8. d3
Be7 9. Be3 Be6 10. Rc1 f6 11. Nd2 Qd7 12. Qa4 Rb8 13. Nde4 Na6 14. Nb5 O-O 15.
Bxc5 Nxc5 16. Nxc5 Bxc5 17. Rxc5 Nd4 18. e3 b6 19. Rc7 Qxb5 20. Qxa7 Ne2+ 21.
Kh1 Qxd3 22. Re7 Rbe8 23. Rxg7+ Kh8 24. Rc7 b5 25. Qb7 Bf5 26. Qf3 Rc8 27. Rxc8
Rxc8 28. g4 Rc1 29. Qxf5 Qxf5 30. gxf5 Rc2 31. Rb1 b4 32. Be4 Rd2 33. Kg2 Kg7
34. Kf1 Kh6 35. Ke1 1-0

[Event "44th Sparkassen Open"]
[Site "Dortmund GER"]
[Date "2016.07.10"]
[Round "2.15"]
[White "Hecht, Carsten"]
[Black "Oezen, Alf"]
[Result "1-0"]
[WhiteElo "2242"]
[BlackElo "1970"]
[WhiteFideId "24693928"]
[BlackFideId "12985430"]
[EventDate "2016.07.09"]

1. e4 c5 2. Nf3 d6 3. d4 cxd4 4. Nxd4 Nf6 5. Nc3 a6 6. Bg5 Nbd7 7. Qe2 Qa5 8. f4
Nc5 9. Bxf6 gxf6 10. O-O-O b5 11. Kb1 Rg8 12. Nf5 Be6 13. Nd5 b4 14. b3 Rg6 15.
g3 Bd7 16. Bg2 Bb5 17. Qe3 Rc8 18. h4 Qd8 19. h5 Rg8 20. e5 fxe5 21. fxe5 Ne6
22. Nxd6+ exd6 23. Nf6+ Ke7 24. Nxg8+ 1-0

[Event "44th Sparkassen Open"]
[Site "Dortmund GER"]
[Date "2016.07.10"]
[Round "2.16"]
[White "Knudsen, Martin"]
[Black "Wiebe, Patrick"]
[Result "1/2-1/2"]
[WhiteElo "2018"]
[BlackElo "2187"]
[WhiteFideId "1406523"]
[BlackFideId "4684079"]
[EventDate "2016.07.09"]

1. d4 d5 2. Nf3 c6 3. e3 Bg4 4. c4 e6 5. Nbd2 Nd7 6. Be2 Ngf6 7. b3 Be7 8. O-O
O-O 9. Bb2 c5 10. Rc1 Rc8 11. h3 Bh5 12. dxc5 Nxc5 13. Ne5 Bxe2 14. Qxe2 Ncd7
15. Ndf3 Nxe5 16. Nxe5 Qa5 17. Bd4 Qa6 18. Rc2 dxc4 19. Nxc4 Nd5 20. a4 Rfd8 21.
Qg4 Bf6 22. Rd1 Bxd4 23. Qxd4 Rd7 24. Qb2 h6 25. Rcd2 Rdc7 26. Qc2 b5 27. axb5
Qxb5 28. Qb1 Qb8 29. Rd3 Qb4 30. Qc2 Qe7 31. Qd2 Qg5 32. f4 Qe7 33. Kh2 Rb8 34.
e4 Nb4 35. Rd8+ Rxd8 36. Qxd8+ Qxd8 37. Rxd8+ 1/2-1/2